00470nam a22001577a 4500003000400000005001700004008004100021020001800062082001800080100001800098245005800116260004200174300001800216653002700234653005100261OSt20260420153838.0260420b |||||||| |||| 00| 0 eng d a9789367298954 a006.301bZ66P aZinta, R. L.  aPsychology of artificial intelligencecby R. L. Zinta aNew delhibIndu books services c2025 aix, 152p.bHB aArtificial intelligenc aAI through philosophical or psychological lens